000 00759cam a22002292 4500
001 0000004823
005 20151217145821.0
008 070530s xx 000 0 eng d
020 _a8178087677 :
_cKES 3,800
040 _aKABU
_cKABU
050 0 _aQA76.76
_b.D47F88 2002
100 1 _aFutrell, Robert T.
_@0000155654
245 1 0 _aQuality software project management /
_cRobert T. Futrell, Donald F. Shafer, Linda I. Shafer.
260 _aIndia :
_bPearson Education,
_c2002.
300 _axxxi, 1639 p.
650 0 _aComputer software
_xDevelopment.
_@0000148175
700 1 _aShafer, Donald F.
_@0000155655
700 1 _aShafer, Linda I.
_@0000155656
908 _a070530
950 _@1
999 _c2880
_d2880